| 000 | 00784cab a2200229 4500 | ||
|---|---|---|---|
| 001 | ABS44887 | ||
| 008 | 090401t1991 xxu||||| |||| 00| 0 eng d | ||
| 035 | _a(Sirsi) u49718 | ||
| 041 | _aeng | ||
| 245 | _aProfessional ethics | ||
| 260 | _c1991 | ||
| 350 | _a0 | ||
| 490 |
_aEstates Gazette _v(9123) 15 June 1991, 129-130(2) |
||
| 520 | _aMainly for Students article which examines the term professional ethics , and looks at competence , relationship with clients, attracting business and responsibility for advice given. | ||
| 650 | _aCHARTERED SURVEYORS RULE BOOK | ||
| 650 | _aPROFESSIONAL CONDUCT | ||
| 650 | _aRICS | ||
| 650 | _aRULES OF PROFESSIONAL CONDUCT | ||
| 690 | _aMANAGEMENT-BUSINESS MANAGEMENT-PROFESSIONAL PRACTICE | ||
| 942 | _n0 | ||
| 948 | _c04/03/1997 | ||
| 999 |
_c31128 _d31128 |
||